Sách xã hội dùng cho học sinh tiểu học, tập 5

Đã lưu trong:
Chi tiết về thư mục
Định dạng: Sách
Các nhãn: Thêm thẻ
Không có thẻ, Là người đầu tiên thẻ bản ghi này!
Thư viện lưu trữ: Mạng thư viện Đại học Đà Nẵng
LEADER 00432nam a22001691a 4500
001 000039529
003 15824
005 20160412022613.0
008 160412s0 000
082 |a 4N(TK)74-75 
245 |a Sách xã hội dùng cho học sinh tiểu học, tập 5 
OWN |a LNN 
999 |a From the UDN01 
TYP |a Monograph 
980 |a Mạng thư viện Đại học Đà Nẵng